Catálogo público

Pérdida de corderos durante la parición (Record no. 166644)

MARC details
000 -CABECERA
campo de control de longitud fija 00611nam a2200241Ia 4500
001 - NÚMERO DE CONTROL
campo de control Z_3558
003 - IDENTIFICADOR DEL NÚMERO DE CONTROL
campo de control CHAP
005 - FECHA Y HORA DE LA ÚLTIMA TRANSACCIÓN
campo de control 20221018183249.0
007 - CAMPO FIJO DE DESCRIPCIÓN FÍSICA--INFORMACIÓN GENERAL
campo de control de longitud fija ta
008 - DATOS DE LONGITUD FIJA--INFORMACIÓN GENERAL
campo de control de longitud fija 220113s1980 mx 000 0 spa d
010 ## - NÚMERO DE CONTROL DE LA BIBLIOTECA DEL CONGRESO
Número de control de LC 166644
040 ## - FUENTE DE LA CATALOGACIÓN
Centro/agencia transcriptor CHAP
090 ## - LOCALMENTE ASIGNADO TIPO-LC NÚMERO DE CLASIFICACIÓN (OCLC); NÚMERO DE CLASIFICACIÓN LOCAL (RLIN)
Número de clasificación (OCLC) (R) ; Numero de clasificación, CALL (RLIN) (NR) R-42
245 10 - MENCIÓN DE TÍTULO
Título Pérdida de corderos durante la parición
260 ## - PUBLICACIÓN, DISTRIBUCIÓN, ETC.
Lugar de publicación, distribución, etc. Chapingo, Méx. :
Nombre del editor, distribuidor, etc. UACH. Departamento de Zootecnia,
Fecha de publicación, distribución, etc. 1980
300 ## - DESCRIPCIÓN FÍSICA
Extensión 11 hojas
500 ## - NOTA GENERAL
Nota general Reimpreso de: apuntes de la cátedra de ovinos
650 1# - PUNTO DE ACCESO ADICIONAL DE MATERIA--TÉRMINO DE MATERIA
Término de materia o nombre geográfico como elemento de entrada Ganado lanar
Subdivisión general Manejo
9 (RLIN) 140261
901 ## - ELEMENTOS DE DATOS A LOCAL LDA (RLIN)
a R-42
902 ## - ELEMENTOS DE DATOS B LOCAL, LDB (RLIN)
a A
910 ## - DATOS DE OPCIÓN DEL USUARIO (OCLC)
Datos de opción del usuario 1980
942 ## - ELEMENTOS DE PUNTO DE ACCESO ADICIONAL (KOHA)
Tipo de ítem Koha Reimpreso
Fuente del sistema de clasificación o colocación Clasificación Universidad Autónoma de Chapingo
Holdings
Estado de retiro Estado de pérdida Fuente del sistema de clasificación o colocación Estado dañado Restricciones de uso No para préstamo Código de colección Localización permanente Ubicación/localización actual Fecha de adquisición Total de préstamos Signatura topográfica completa Código de barras Fecha visto por última vez Número de copia Precio válido a partir de Tipo de ítem Koha
    Clasificación Universidad Autónoma de Chapingo   Préstamo interno   Reimpresos Zootecnia Zootecnia 09/11/2005   R-42 z_A0678 18/01/2022 1 18/01/2022 Reimpreso
    Clasificación Universidad Autónoma de Chapingo   Préstamo 5 días   Reimpresos Zootecnia Zootecnia 09/11/2005   R-42 z_A0679 18/01/2022 2 18/01/2022 Reimpreso
    Clasificación Universidad Autónoma de Chapingo   Préstamo 5 días   Reimpresos Zootecnia Zootecnia 09/11/2005   R-42 z_A0680 18/01/2022 3 18/01/2022 Reimpreso
    Clasificación Universidad Autónoma de Chapingo   Préstamo 5 días   Reimpresos Zootecnia Zootecnia 09/11/2005   R-42 z_A0681 18/01/2022 4 18/01/2022 Reimpreso
    Clasificación Universidad Autónoma de Chapingo   Préstamo 5 días   Reimpresos Zootecnia Zootecnia 09/11/2005   R-42 z_A0682 18/01/2022 5 18/01/2022 Reimpreso
    Clasificación Universidad Autónoma de Chapingo   Préstamo 5 días   Reimpresos Zootecnia Zootecnia 09/11/2005   R-42 z_A0683 18/01/2022 6 18/01/2022 Reimpreso
    Clasificación Universidad Autónoma de Chapingo   Préstamo 5 días   Reimpresos Zootecnia Zootecnia 09/11/2005   R-42 z_A0684 18/01/2022 7 18/01/2022 Reimpreso
    Clasificación Universidad Autónoma de Chapingo   Préstamo 5 días   Reimpresos Zootecnia Zootecnia 09/11/2005   R-42 z_A0685 18/01/2022 8 18/01/2022 Reimpreso
    Clasificación Universidad Autónoma de Chapingo   Préstamo 5 días   Reimpresos Zootecnia Zootecnia 09/11/2005   R-42 z_A0686 18/01/2022 9 18/01/2022 Reimpreso